The dynamics of Hutterite society : an analytical approach /

Bibliographic Details
Main Author: Peter, Karl A. (Karl Andreas), 1924-
Format: Book
Language:English
Published: Edmonton : University of Alberta Press, 1987.
Subjects:

MARC

Tag First Indicator Second Indicator Subfields
LEADER 00000cam a2200000 a 4500
001 in00000016521
005 20151007052808.0
008 860530s1987 abc b 00010 eng d
010 |a cn 86091338  
015 |a C86-91338-4 
020 |a 0888641087 (bound) :  |c $27.50 
020 |a 0888641095 (pbk.) :  |c $16.95 
035 |a (OCoLC)16018790 
035 |9 AAA9211AM 
040 |a CaBVAU  |b eng  |c NLC  |d TXA  |d UtOrBLW 
049 |a TXAM  |c [A12608528] 
050 4 |a BX8129.H8  |b P48 1987 
082 0 |a 289.7/3  |2 19 
100 1 |a Peter, Karl A.  |q (Karl Andreas),  |d 1924- 
245 1 4 |a The dynamics of Hutterite society :  |b an analytical approach /  |c Karl A. Peter. 
263 |a 8612 
264 1 |a Edmonton :  |b University of Alberta Press,  |c 1987. 
300 |a xxiii, 232 pages ;  |c 24 cm. 
336 |a text  |b txt  |2 rdacontent 
337 |a unmediated  |b n  |2 rdamedia 
338 |a volume  |b nc  |2 rdacarrier 
504 |a Bibliography: pages 229-232. 
610 2 0 |a Hutterian Brethren. 
610 2 0 |a Hutterian Brethren  |x Social conditions. 
650 0 |a Hutterian Brethren  |x Social conditions. 
999 |a MARS 
999 f f |s c1457498-0029-30ce-9cbf-52cbd7070480  |i 82f424fe-f6e2-3fc7-9b85-16b14dfeb735  |t 0 
952 f f |p ric  |a Texas A&M University  |b Rellis Campus  |c Joint Library Facility  |d Remote Storage  |t 0  |e BX8129.H8 P48 1987  |h Library of Congress classification  |i unmediated -- volume  |m A14812608528 
998 f f |a BX8129.H8 P48 1987  |t 0  |l Remote Storage